[Event "32nd Iranian Women-ch 2022"]
[Site "Kermanshah"]
[Date "2022.03.05"]
[Round "8.6"]
[White "Masoumi, Sahar"]
[Black "Azali, Tannaz"]
[Result "1-0"]
[WhiteElo "1925"]
[BlackElo "2100"]
[Annotator "TA"]
[PlyCount "73"]
[EventDate "2022.02.28"]
[EventType "tourn"]
[EventCountry "IRI"]
[SourceTitle "playchess.com"]
[Source "ChessBase"]
[SourceQuality "1"]

{[%evp 13,73,25,34,18,22,12,43,31,31,33,32,32,35,32,32,11,29,27,49,45,39,-25,-16,-9,-12,-30,-37,-25,-19,-44,-39,-42,-14,-27,-6,-2,43,56,47,19,135,134,201,57,433,400,1436,1306,2741,352,2631,2469,2779,2427,1507,1354,1469,1408,5794,773,745,684]} 1. d4 d5 2. c4 e6 3. Nc3 Bb4 4. cxd5 exd5 5. Bf4 Nf6 6. e3 O-O 7. Bd3 c6 8. Nge2 {D35: Queen's Gambit Declined: Exchange Variation.} Re8 9. O-O Bd6 10. Qc2 {White is slightly better.} Bxf4 11. Nxf4 {[#]} Qd6 $146 ({Predecessor:} 11... Nbd7 12. Rab1 Nf8 13. b4 a6 14. a4 Ne6 15. Nxe6 fxe6 16. f4 Re7 17. Rf3 Qd6 {½-½ (72) Kahn,M (2166)-Ljubarskij,J (2290) Sottrum 2005}) 12. Rfe1 Nbd7 13. Rad1 Nf8 14. Qd2 Be6 15. f3 a6 16. Bb1 Rad8 17. e4 (17. Qf2 $14) 17... dxe4 $11 18. fxe4 {And now e5 would win.} c5 $1 19. d5 (19. e5 {is more complex.} Qxd4+ 20. Qxd4 cxd4 21. exf6 dxc3 22. Rxd8 Rxd8 23. fxg7 Kxg7 24. bxc3 b5 25. Nxe6+ Nxe6 26. Kf2) 19... Bg4 20. Rc1 N8d7 21. Qf2 Ne5 22. h3 Bc8 23. Nce2 g5 24. Ne6 {[#]} Nxe4 25. Bxe4 $14 fxe6 26. Nc3 (26. Red1 $5 {[%cal Rf2f6]}) 26... Rf8 {Prevents Qf6.} (26... Kg7 $1 $11) 27. Qe3 $16 {[%mdl 1024] Black must now prevent dxe6. White has strong compensation.} h6 {[#]} (27... Ng6 $16) 28. Rcd1 $40 {[%mdl 128] White is up to no good.} (28. dxe6 $1 $18 {[%cal Oe6e7] Strongly threatening e7!} Nc4 29. Qe2 (29. Bh7+ Kh8 $14) 29... Bxe6 30. Rcd1) 28... Nf7 $2 {[%mdl 8192] Black cannot hold the game after this.} (28... Qc7 $1 $14) 29. Bb1 {White threatens Qd3 and mate.} ({Less strong is} 29. dxe6 Qxe6 30. Rxd8 (30. Qxc5 Rxd1 31. Rxd1 Qe5 $16) 30... Rxd8 $16) 29... Rfe8 (29... exd5 $2 30. Qd3 Rfe8 31. Qh7+ Kf8 32. Rf1 $18) (29... Qe7 $142 30. Qe4 Nh8 31. dxe6 Rxd1 32. Rxd1 (32. Nxd1 Rf6 $16) 32... Bxe6) 30. Qe4 exd5 31. Qh7+ Kf8 32. Rf1 {[%csl Gh7][%cal Rf1f7] White is clearly winning.} Be6 33. Bg6 {[%cal Rf1f7]} Rd7 {[#]} 34. Ne4 $1 {[%mdl 512] Qh8+ would kill now.} Qe5 {To avoid Qh8+} (34... Qc6 35. Nf6) 35. Nf6 Red8 36. Nxd7+ (36. Rde1 $142 Qd4+ 37. Kh1) 36... Rxd7 $18 37. Rde1 {[%mdl 64] Skewer.  Weighted Error Value: White=0.27 (precise) /Black=0.47} 1-0

[Event "32nd Iranian Women-ch 2022"]
[Site "Kermanshah"]
[Date "2022.03.05"]
[Round "9.1"]
[White "Azali, Tannaz"]
[Black "Asgharzadeh, Mitra"]
[Result "1/2-1/2"]
[WhiteElo "2100"]
[BlackElo "1950"]
[Annotator "NA"]
[PlyCount "168"]
[EventDate "2022.02.28"]
[EventType "tourn"]
[EventCountry "IRI"]
[SourceTitle "playchess.com"]
[Source "ChessBase"]
[SourceQuality "1"]
[TimeControl "5400+30"]

1. d4 {[%emt 0:00:02]} Nf6 {[%emt 0:07:21]} 2. c4 {[%emt 0:00:06]} g6 {[%emt 0:00:06]} 3. Nc3 {[%emt 0:00:22]} Bg7 {[%emt 0:00:02]} 4. e4 {[%emt 0:00:18]} d6 {[%emt 0:00:00]} 5. h3 {[%emt 0:00:39]} O-O {[%emt 0:00:41]} 6. Be3 {[%emt 0:00:17]} Nc6 {[%emt 0:04:42]} 7. Nge2 {[%emt 0:02:00]} a6 {[%emt 0:06:18]} 8. d5 {[%emt 0:10:53]} Ne5 {[%emt 0:04:34]} 9. Nd4 {[%emt 0:05:26]} c5 {[%emt 0:00:53]} 10. dxc6 {[%emt 0:00:59]} Nxc6 {[%emt 0:00:12]} 11. Qd2 {[%emt 0:05:59]} Nxd4 {[%emt 0:02:56]} 12. Bxd4 {[%emt 0:00:02]} Be6 {[%emt 0:00:10]} 13. b3 {[%emt 0:11:39]} Qa5 {[%emt 0:01:22]} 14. Rd1 {[%emt 0:02:47]} Rfc8 {[%emt 0:03:35]} 15. Nd5 {[%emt 0:08:01]} Qxd2+ {[%emt 0:01:53]} 16. Rxd2 {[%emt 0:00:04]} Bxd5 {[%emt 0:05:04]} 17. exd5 {[%emt 0:01:12]} Nd7 {[%emt 0:02:55]} 18. Be2 {[%emt 0:02:38]} Bxd4 {[%emt 0:27:19]} 19. Rxd4 {[%emt 0:00:01]} a5 {[%emt 0:00:31]} 20. a4 {[%emt 0:11:26]} Nc5 {[%emt 0:01:27]} 21. Bd1 {[%emt 0:00:01]} Ra6 {[%emt 0:00:16]} 22. Kd2 {[%emt 0:07:29]} Rb6 {[%emt 0:01:13]} 23. Kc3 {[%emt 0:00:09]} e5 {[%emt 0:07:44]} 24. dxe6 {[%emt 0:01:39]} fxe6 {[%emt 0:04:10]} 25. Bc2 {[%emt 0:01:11]} d5 {[%emt 0:04:10]} 26. h4 {[%emt 0:08:17]} Rb4 {[%emt 0:01:18]} 27. Ra1 {[%emt 0:04:09]} Nd7 {[%emt 0:05:53]} 28. Re1 {[%emt 0:02:43]} Rc6 {[%emt 0:01:27]} 29. Re3 {[%emt 0:05:01]} Nb6 {[%emt 0:01:37]} 30. Bd3 {[%emt 0:00:16]} dxc4 {[%emt 0:01:00]} 31. Rd8+ {[%emt 0:00:20]} Kg7 {[%emt 0:00:18]} 32. Bxc4 {[%emt 0:00:11]} Nd5+ {[%emt 0:02:35]} 33. Kd4 {[%emt 0:00:28]} Nxe3 {[%emt 0:00:21]} 34. Kxe3 {[%emt 0:01:19]} Rc7 {[%emt 0:00:57]} 35. Rd6 {[%emt 0:02:13]} Rcxc4 {[%emt 0:01:53]} 36. bxc4 {[%emt 0:00:07]} Kf6 {[%emt 0:00:43]} 37. Rd7 {[%emt 0:01:50]} Rxc4 {[%emt 0:00:44]} 38. Rxh7 {[%emt 0:00:15]} b6 {[%emt 0:00:25]} 39. Rb7 {[%emt 0:00:28]} Rxh4 {[%emt 0:00:13]} 40. Rxb6 {[%emt 0:00:06]} Rxa4 {[%emt 0:00:04]} 41. Ra6 {[%emt 0:01:27]} g5 {[%emt 0:01:08]} 42. Kf3 {[%emt 0:00:28]} Ra1 {[%emt 0:00:19]} 43. Kg4 {[%emt 0:00:20]} Ra2 {[%emt 0:00:20]} 44. g3 {[%emt 0:02:37]} a4 {[%emt 0:00:34]} 45. Ra5 {[%emt 0:00:10]} Rxf2 {[%emt 0:00:55]} 46. Rxa4 {[%emt 0:00:05]} Rf5 {[%emt 0:00:27]} 47. Ra8 {[%emt 0:00:30]} Rb5 {[%emt 0:00:32]} 48. Rf8+ {[%emt 0:00:10]} Kg7 {[%emt 0:00:07]} 49. Ra8 {[%emt 0:00:35]} Rc5 {[%emt 0:00:03]} 50. Rb8 {[%emt 0:00:21]} Ra5 {[%emt 0:00:01]} 51. Rc8 {[%emt 0:00:21]} Kf7 {[%emt 0:00:59]} 52. Rb8 {[%emt 0:00:07]} Ra3 {[%emt 0:00:31]} 53. Kxg5 {[%emt 0:00:22]} Rxg3+ {[%emt 0:00:03]} 54. Kf4 {[%emt 0:00:07]} Ra3 {[%emt 0:00:14]} 55. Ke4 {[%emt 0:00:34]} Ra1 {[%emt 0:00:36]} 56. Rb3 {[%emt 0:00:55]} Kf6 {[%emt 0:00:10]} 57. Ke3 {[%emt 0:00:35]} Kf5 {[%emt 0:00:13]} 58. Ke2 {[%emt 0:00:30]} Ra2+ {[%emt 0:00:12]} 59. Ke1 {[%emt 0:00:10]} e5 {[%emt 0:00:11]} 60. Rc3 {[%emt 0:00:37]} Kf4 {[%emt 0:00:12]} 61. Rb3 {[%emt 0:00:24]} e4 {[%emt 0:00:51]} 62. Rc3 {[%emt 0:00:09]} Ra1+ {[%emt 0:02:16]} 63. Ke2 {[%emt 0:00:10]} Ra2+ {[%emt 0:00:23]} 64. Ke1 {[%emt 0:00:04]} Ke5 {[%emt 0:00:19]} 65. Rb3 {[%emt 0:00:15]} Kd4 {[%emt 0:00:34]} 66. Rh3 {[%emt 0:00:13]} Ra5 {[%emt 0:01:16]} 67. Rg3 {[%emt 0:00:26]} Rc5 {[%emt 0:00:35]} 68. Rh3 {[%emt 0:00:51]} Rc1+ {[%emt 0:00:17]} 69. Ke2 {[%emt 0:00:05]} Rc2+ {[%emt 0:00:08]} 70. Ke1 {[%emt 0:00:04]} Rc7 {[%emt 0:00:59]} 71. Rg3 {[%emt 0:00:17]} Ke5 {[%emt 0:00:14]} 72. Ra3 {[%emt 0:00:24]} Kf4 {[%emt 0:00:12]} 73. Rb3 {[%emt 0:00:11]} Rd7 {[%emt 0:00:28]} 74. Ra3 {[%emt 0:00:15]} Rb7 {[%emt 0:01:05]} 75. Rc3 {[%emt 0:00:05]} Rg7 {[%emt 0:00:31]} 76. Ra3 {[%emt 0:00:11]} Rh7 {[%emt 0:00:36]} 77. Rb3 {[%emt 0:00:06]} Rg7 {[%emt 0:00:10]} 78. Ra3 {[%emt 0:00:05]} Rb7 {[%emt 0:00:40]} 79. Rc3 {[%emt 0:00:07]} Rg7 {[%emt 0:00:34]} 80. Ra3 {[%emt 0:00:07]} e3 {[%emt 0:00:18]} 81. Ra8 {[%emt 0:00:16]} Re7 {[%emt 0:00:27]} 82. Ke2 {[%emt 0:00:32]} Re5 {[%emt 0:00:35]} 83. Ra3 {[%emt 0:00:40]} Rb5 {[%emt 0:00:17]} 84. Ra4+ {[%emt 0:00:09]} Ke5 {[%emt 0:01:56]} 1/2-1/2

[Event "32nd Iranian Women-ch 2022"]
[Site "Kermanshah"]
[Date "2022.03.05"]
[Round "9.2"]
[White "Mahdian, Anousha"]
[Black "Masoumi, Sahar"]
[Result "1/2-1/2"]
[WhiteElo "2179"]
[BlackElo "1925"]
[Annotator "NA"]
[PlyCount "51"]
[EventDate "2022.02.28"]
[EventType "tourn"]
[EventCountry "IRI"]
[SourceTitle "playchess.com"]
[Source "ChessBase"]
[SourceQuality "1"]
[TimeControl "5400+30"]

1. d4 {[%emt 0:01:36]} d5 {[%emt 0:00:07]} 2. c4 {[%emt 0:00:09]} e6 {[%emt 0:00:06]} 3. Nc3 {[%emt 0:00:04]} Bb4 {[%emt 0:00:11]} 4. cxd5 {[%emt 0:00:03]} exd5 {[%emt 0:00:08]} 5. Bf4 {[%emt 0:00:06]} c5 {[%emt 0:00:14]} 6. dxc5 {[%emt 0:02:49]} Nf6 {[%emt 0:00:15]} 7. e3 {[%emt 0:00:04]} O-O {[%emt 0:00:24]} 8. Bd3 {[%emt 0:00:26]} Nc6 {[%emt 0:00:27]} 9. Nge2 {[%emt 0:00:04]} Bxc5 {[%emt 0:00:18]} 10. O-O {[%emt 0:00:08]} d4 {[%emt 0:01:17]} 11. exd4 {[%emt 0:04:29]} Nxd4 {[%emt 0:00:15]} 12. Na4 {[%emt 0:00:29]} Nxe2+ {[%emt 0:03:30]} 13. Bxe2 {[%emt 0:00:51]} Be7 {[%emt 0:06:51]} 14. Bf3 {[%emt 0:11:37]} Qa5 {[%emt 0:02:46]} 15. Nc3 {[%emt 0:03:41]} Qb4 {[%emt 0:07:41]} 16. Qc1 {[%emt 0:09:47]} Be6 {[%emt 0:02:20]} 17. a3 {[%emt 0:04:19]} Qb3 {[%emt 0:01:27]} 18. Bd1 {[%emt 0:00:29]} Qc4 {[%emt 0:01:07]} 19. Be2 {[%emt 0:00:17]} Qb3 {[%emt 0:03:12]} 20. Bd1 {[%emt 0:00:17]} Qc4 {[%emt 0:03:45]} 21. Be2 {[%emt 0:02:10]} Qb3 {[%emt 0:03:18]} 22. Bd1 {[%emt 0:00:10]} Qc4 {[%emt 0:21:35]} 23. Be2 {[%emt 0:00:12]} Qc6 24. Bf3 Qb6 25. Be3 Qc7 26. Nb5 1/2-1/2

[Event "32nd Iranian Women-ch 2022"]
[Site "Kermanshah"]
[Date "2022.03.05"]
[Round "9.3"]
[White "Heydari, Maryam"]
[Black "Zahedifar, Anahita"]
[Result "0-1"]
[WhiteElo "1684"]
[BlackElo "2213"]
[Annotator "NA"]
[PlyCount "98"]
[EventDate "2022.02.28"]
[EventType "tourn"]
[EventCountry "IRI"]
[SourceTitle "playchess.com"]
[Source "ChessBase"]
[SourceQuality "1"]
[TimeControl "5400+30"]

1. e4 {[%emt 0:00:02]} c6 {[%emt 0:06:08]} 2. Nc3 {[%emt 0:01:08]} d5 {[%emt 0:00:12]} 3. d4 {[%emt 0:00:36]} dxe4 {[%emt 0:00:33]} 4. Nxe4 {[%emt 0:00:10]} Bf5 {[%emt 0:00:27]} 5. Ng3 {[%emt 0:00:11]} Bg6 {[%emt 0:00:15]} 6. Nf3 {[%emt 0:00:17]} Nd7 {[%emt 0:00:16]} 7. Nh4 {[%emt 0:01:32]} e6 {[%emt 0:03:01]} 8. Nxg6 {[%emt 0:00:16]} hxg6 {[%emt 0:00:02]} 9. Bd3 {[%emt 0:00:53]} Qc7 {[%emt 0:00:45]} 10. c3 {[%emt 0:02:02]} Ngf6 {[%emt 0:00:41]} 11. Qf3 {[%emt 0:04:41]} Bd6 {[%emt 0:04:41]} 12. Be3 {[%emt 0:04:15]} O-O-O {[%emt 0:04:12]} 13. O-O-O {[%emt 0:00:17]} Qa5 {[%emt 0:07:15]} 14. Kb1 {[%emt 0:06:12]} Nb6 {[%emt 0:02:41]} 15. Ne4 {[%emt 0:00:23]} Nxe4 {[%emt 0:02:27]} 16. Bxe4 {[%emt 0:00:41]} Rd7 {[%emt 0:02:14]} 17. Bf4 {[%emt 0:00:25]} Bxf4 {[%emt 0:01:41]} 18. Qxf4 {[%emt 0:00:08]} Rhd8 {[%emt 0:01:30]} 19. Bf3 {[%emt 0:05:01]} Qb5 {[%emt 0:04:11]} 20. Rhe1 {[%emt 0:10:04]} Nc4 {[%emt 0:06:34]} 21. Qc1 {[%emt 0:00:09]} Qb6 {[%emt 0:09:11]} 22. Be2 {[%emt 0:01:18]} Nd6 {[%emt 0:00:55]} 23. Qf4 {[%emt 0:00:58]} Ne8 {[%emt 0:05:06]} 24. Bf3 {[%emt 0:01:24]} Nc7 {[%emt 0:01:52]} 25. h3 {[%emt 0:04:19]} a5 {[%emt 0:01:57]} 26. Qe5 {[%emt 0:01:44]} f6 {[%emt 0:00:54]} 27. Qc5 {[%emt 0:01:17]} Qxc5 {[%emt 0:01:24]} 28. dxc5 {[%emt 0:00:10]} Rxd1+ {[%emt 0:01:51]} 29. Rxd1 {[%emt 0:00:28]} Na6 {[%emt 0:02:38]} 30. Rxd8+ {[%emt 0:01:33]} Kxd8 {[%emt 0:00:02]} 31. Kc2 {[%emt 0:00:54]} Kc7 {[%emt 0:01:23]} 32. a3 {[%emt 0:00:42]} Nxc5 {[%emt 0:00:07]} 33. b4 {[%emt 0:00:07]} axb4 {[%emt 0:00:03]} 34. axb4 {[%emt 0:00:49]} Nd7 {[%emt 0:00:10]} 35. c4 {[%emt 0:00:53]} b6 {[%emt 0:00:43]} 36. Kc3 {[%emt 0:01:21]} g5 {[%emt 0:01:45]} 37. Be2 {[%emt 0:01:28]} Kd6 {[%emt 0:00:32]} 38. g3 {[%emt 0:02:07]} Ne5 {[%emt 0:06:07]} 39. Bd1 {[%emt 0:02:13]} c5 {[%emt 0:01:17]} 40. b5 {[%emt 0:00:35]} f5 {[%emt 0:03:11]} 41. g4 {[%emt 0:05:14]} Ng6 {[%emt 0:00:50]} 42. Be2 {[%emt 0:04:10]} Ke5 {[%emt 0:03:11]} 43. Bf1 {[%emt 0:04:25]} Nf4 {[%emt 0:00:28]} 44. f3 {[%emt 0:02:08]} g6 {[%emt 0:00:20]} 45. Kc2 {[%emt 0:02:36]} Kd4 {[%emt 0:00:24]} 46. Kd2 {[%emt 0:00:09]} e5 {[%emt 0:00:04]} 47. gxf5 {[%emt 0:04:22]} gxf5 {[%emt 0:00:15]} 48. Be2 {[%emt 0:00:28]} Nxe2 {[%emt 0:00:08]} 49. Kxe2 {[%emt 0:00:05]} Kxc4 {[%emt 0:00:04]} 0-1

[Event "32nd Iranian Women-ch 2022"]
[Site "Kermanshah"]
[Date "2022.03.05"]
[Round "9.4"]
[White "Asadi, Motahare"]
[Black "Paktinat, Zhina"]
[Result "1-0"]
[WhiteElo "2093"]
[BlackElo "1903"]
[Annotator "NA"]
[PlyCount "93"]
[EventDate "2022.02.28"]
[EventType "tourn"]
[EventCountry "IRI"]
[SourceTitle "playchess.com"]
[Source "ChessBase"]
[SourceQuality "1"]
[TimeControl "5400+30"]

1. e4 {[%emt 0:08:00]} c5 {[%emt 0:00:16]} 2. Nf3 {[%emt 0:00:11]} Nc6 {[%emt 0:00:09]} 3. g3 {[%emt 0:01:53]} g6 {[%emt 0:02:38]} 4. Bg2 {[%emt 0:00:28]} Bg7 {[%emt 0:00:05]} 5. Nc3 {[%emt 0:00:24]} d6 {[%emt 0:02:02]} 6. d3 {[%emt 0:00:10]} e5 {[%emt 0:06:02]} 7. O-O {[%emt 0:00:56]} Nge7 {[%emt 0:00:44]} 8. h4 {[%emt 0:20:05]} h6 {[%emt 0:04:48]} 9. Nh2 {[%emt 0:02:27]} Be6 {[%emt 0:01:34]} 10. Be3 {[%emt 0:03:30]} Qd7 {[%emt 0:11:34]} 11. Qd2 {[%emt 0:02:23]} Bh3 {[%emt 0:10:12]} 12. Ne2 {[%emt 0:07:18]} Bxg2 {[%emt 0:04:16]} 13. Kxg2 {[%emt 0:00:04]} O-O-O {[%emt 0:05:47]} 14. c3 {[%emt 0:08:14]} g5 {[%emt 0:04:45]} 15. h5 {[%emt 0:00:57]} d5 {[%emt 0:03:05]} 16. Qc2 {[%emt 0:09:05]} d4 {[%emt 0:07:56]} 17. cxd4 {[%emt 0:00:07]} cxd4 {[%emt 0:00:04]} 18. Bd2 {[%emt 0:00:09]} f5 {[%emt 0:00:15]} 19. f3 {[%emt 0:01:06]} g4 {[%emt 0:00:36]} 20. Ng1 {[%emt 0:08:46]} gxf3+ {[%emt 0:01:58]} 21. Ngxf3 {[%emt 0:00:07]} fxe4 {[%emt 0:02:22]} 22. dxe4 {[%emt 0:00:07]} Kb8 {[%emt 0:01:08]} 23. Qd3 {[%emt 0:01:47]} Qe8 {[%emt 0:04:44]} 24. g4 {[%emt 0:00:52]} Bf6 {[%emt 0:00:46]} 25. b4 {[%emt 0:00:54]} Rc8 {[%emt 0:01:04]} 26. b5 {[%emt 0:03:33]} Nd8 {[%emt 0:00:10]} 27. Nxd4 {[%emt 0:00:21]} exd4 {[%emt 0:02:00]} 28. Rxf6 {[%emt 0:00:07]} Ng8 {[%emt 0:00:33]} 29. Rd6 {[%emt 0:03:35]} Ne6 {[%emt 0:01:48]} 30. e5 {[%emt 0:01:23]} Rc3 {[%emt 0:08:15]} 31. Rxe6 {[%emt 0:04:18]} Qxe6 {[%emt 0:00:49]} 32. Bxc3 {[%emt 0:00:05]} dxc3 {[%emt 0:00:15]} 33. Qd8+ {[%emt 0:00:11]} Qc8 {[%emt 0:00:07]} 34. Qxc8+ {[%emt 0:02:18]} Kxc8 {[%emt 0:00:04]} 35. Rc1 {[%emt 0:00:06]} Kd7 {[%emt 0:00:22]} 36. Rxc3 {[%emt 0:00:05]} Ne7 {[%emt 0:00:04]} 37. Ra3 {[%emt 0:01:53]} Ra8 {[%emt 0:01:12]} 38. Kf3 {[%emt 0:00:31]} Ke6 {[%emt 0:03:40]} 39. Ke4 {[%emt 0:00:16]} Rg8 {[%emt 0:01:02]} 40. Rd3 {[%emt 0:00:56]} Nc8 {[%emt 0:00:34]} 41. Rf3 {[%emt 0:00:07]} Nb6 {[%emt 0:01:27]} 42. Rf6+ {[%emt 0:00:06]} Ke7 {[%emt 0:00:04]} 43. Rxh6 {[%emt 0:00:11]} Na4 {[%emt 0:00:04]} 44. Rh7+ {[%emt 0:01:21]} Ke6 {[%emt 0:00:09]} 45. Rh6+ {[%emt 0:01:42]} Ke7 {[%emt 0:00:05]} 46. Kf5 {[%emt 0:00:03]} Rf8+ {[%emt 0:00:24]} 47. Rf6 {[%emt 0:00:09]} 1-0

[Event "32nd Iranian Women-ch 2022"]
[Site "Kermanshah"]
[Date "2022.03.05"]
[Round "9.5"]
[White "Ghomi, Parnian"]
[Black "Mahdavi, Mahdis"]
[Result "1/2-1/2"]
[WhiteElo "2026"]
[BlackElo "1692"]
[Annotator "NA"]
[PlyCount "67"]
[EventDate "2022.02.28"]
[EventType "tourn"]
[EventCountry "IRI"]
[SourceTitle "playchess.com"]
[Source "ChessBase"]
[SourceQuality "1"]
[TimeControl "5400+30"]

1. e4 {[%emt 1:31:00]} c5 {[%emt 0:00:59]} 2. Nf3 {[%emt 0:00:00]} e6 {[%emt 0:00:44]} 3. c3 {[%emt 0:00:00]} Nf6 {[%emt 0:00:12]} 4. e5 {[%emt 0:00:00]} Nd5 {[%emt 0:00:12]} 5. d4 {[%emt 0:00:00]} cxd4 {[%emt 0:00:14]} 6. cxd4 {[%emt 0:00:00]} d6 {[%emt 0:01:00]} 7. Nc3 {[%emt 0:00:00]} Nc6 {[%emt 0:04:36]} 8. Bd3 {[%emt 0:00:00]} dxe5 {[%emt 0:04:22]} 9. dxe5 {[%emt 0:00:00]} Nxc3 {[%emt 0:02:20]} 10. bxc3 {[%emt 0:00:00]} Qa5 {[%emt 0:03:50]} 11. Qb3 {[%emt 0:00:00]} Nxe5 {[%emt 0:06:50]} 12. Nxe5 {[%emt 0:00:00]} Qxe5+ {[%emt 0:00:09]} 13. Be3 {[%emt 0:00:00]} Bd7 {[%emt 0:00:42]} 14. O-O {[%emt 0:00:00]} Bd6 {[%emt 0:03:10]} 15. g3 {[%emt 0:00:00]} Bc6 {[%emt 0:00:32]} 16. Rad1 {[%emt 0:00:00]} O-O {[%emt 0:05:54]} 17. Rfe1 {[%emt 0:00:00]} Qf6 {[%emt 0:09:05]} 18. Bxh7+ {[%emt 0:00:00]} Kxh7 {[%emt 0:01:13]} 19. Rxd6 {[%emt 0:00:00]} Qf3 {[%emt 0:00:31]} 20. Kf1 {[%emt 0:00:00]} Rfd8 {[%emt 0:03:18]} 21. Qb4 {[%emt 0:00:00]} Kg8 {[%emt 0:06:28]} 22. Qf4 {[%emt 0:00:00]} Rxd6 {[%emt 0:06:19]} 23. Qxd6 {[%emt 0:00:00]} Qg2+ {[%emt 0:01:12]} 24. Ke2 {[%emt 0:00:00]} Qxh2 {[%emt 0:00:45]} 25. Bd4 {[%emt 0:01:32]} Qh5+ {[%emt 0:01:02]} 26. Kd2 {[%emt 0:00:15]} Qa5 {[%emt 0:08:48]} 27. a3 {[%emt 0:01:24]} Bd5 {[%emt 0:05:56]} 28. Qe5 {[%emt 0:01:43]} f6 {[%emt 0:00:33]} 29. Qd6 {[%emt 0:01:19]} e5 {[%emt 0:01:45]} 30. Rxe5 {[%emt 0:00:12]} Rd8 {[%emt 0:00:56]} 31. Qe6+ {[%emt 0:00:02]} Bxe6 {[%emt 0:02:28]} 32. Rxa5 {[%emt 0:00:01]} a6 {[%emt 0:00:17]} 33. Rc5 {[%emt 0:00:09]} Rc8 {[%emt 0:00:22]} 34. Rh5 {[%emt 0:00:42]} 1/2-1/2

[Event "32nd Iranian Women-ch 2022"]
[Site "Kermanshah"]
[Date "2022.03.05"]
[Round "9.6"]
[White "Hamedi Nia, Vesal"]
[Black "Parvizi, Anita"]
[Result "1-0"]
[WhiteElo "1980"]
[BlackElo "1693"]
[Annotator "NA"]
[PlyCount "101"]
[EventDate "2022.02.28"]
[EventType "tourn"]
[EventCountry "IRI"]
[SourceTitle "playchess.com"]
[Source "ChessBase"]
[SourceQuality "1"]
[TimeControl "5400+30"]

1. d4 {[%emt 0:00:05]} Nf6 {[%emt 0:00:05]} 2. c4 {[%emt 0:00:07]} g6 {[%emt 0:00:04]} 3. Nc3 {[%emt 0:00:04]} d5 {[%emt 0:00:06]} 4. cxd5 {[%emt 0:01:17]} Nxd5 {[%emt 0:00:08]} 5. e4 {[%emt 0:00:12]} Nxc3 {[%emt 0:00:05]} 6. bxc3 {[%emt 0:00:02]} Bg7 {[%emt 0:00:08]} 7. Nf3 {[%emt 0:00:50]} c5 {[%emt 0:00:32]} 8. Bc4 {[%emt 0:03:38]} Nc6 {[%emt 0:02:42]} 9. Be3 {[%emt 0:02:40]} O-O {[%emt 0:01:47]} 10. O-O {[%emt 0:02:45]} Bg4 {[%emt 0:01:27]} 11. dxc5 {[%emt 0:26:34]} Bxc3 {[%emt 0:06:54]} 12. Rc1 {[%emt 0:01:05]} Bg7 {[%emt 0:04:25]} 13. h3 {[%emt 0:04:18]} Bxf3 {[%emt 0:05:59]} 14. Qxf3 {[%emt 0:00:21]} Ne5 {[%emt 0:00:09]} 15. Qe2 {[%emt 0:00:14]} Nxc4 {[%emt 0:00:27]} 16. Qxc4 {[%emt 0:00:08]} Qc7 {[%emt 0:01:28]} 17. Qa4 {[%emt 0:04:21]} Rfd8 {[%emt 0:07:20]} 18. Rfd1 {[%emt 0:01:43]} Qc6 {[%emt 0:04:21]} 19. Qxc6 {[%emt 0:02:03]} bxc6 {[%emt 0:00:02]} 20. Rxd8+ {[%emt 0:03:16]} Rxd8 {[%emt 0:00:01]} 21. Rb1 {[%emt 0:00:08]} Bd4 {[%emt 0:01:31]} 22. Rd1 {[%emt 0:02:44]} e5 {[%emt 0:00:10]} 23. Kf1 {[%emt 0:00:37]} Rb8 {[%emt 0:00:45]} 24. Bxd4 {[%emt 0:00:42]} exd4 {[%emt 0:00:01]} 25. Rxd4 {[%emt 0:00:15]} Rb1+ {[%emt 0:00:13]} 26. Ke2 {[%emt 0:00:02]} Rc1 {[%emt 0:00:21]} 27. Ra4 {[%emt 0:00:21]} Rxc5 {[%emt 0:00:16]} 28. Rxa7 {[%emt 0:00:10]} Rc2+ {[%emt 0:00:20]} 29. Ke3 {[%emt 0:00:20]} c5 {[%emt 0:00:34]} 30. a4 {[%emt 0:00:31]} c4 {[%emt 0:00:51]} 31. a5 {[%emt 0:04:01]} Ra2 {[%emt 0:01:45]} 32. a6 {[%emt 0:02:08]} c3 {[%emt 0:00:53]} 33. Ra8+ {[%emt 0:00:52]} Kg7 {[%emt 0:00:01]} 34. a7 {[%emt 0:01:13]} c2 {[%emt 0:03:27]} 35. Kd2 {[%emt 0:00:04]} h5 {[%emt 0:01:32]} 36. h4 {[%emt 0:13:29]} Kh7 {[%emt 0:02:10]} 37. f3 {[%emt 0:00:14]} Kg7 {[%emt 0:00:18]} 38. g4 {[%emt 0:00:11]} g5 {[%emt 0:05:50]} 39. hxg5 {[%emt 0:07:34]} h4 {[%emt 0:00:22]} 40. Rc8 {[%emt 0:00:40]} Rxa7 {[%emt 0:03:29]} 41. Rxc2 {[%emt 0:00:08]} Ra3 {[%emt 0:00:27]} 42. Ke2 {[%emt 0:00:33]} Ra5 {[%emt 0:01:04]} 43. Ke3 {[%emt 0:00:21]} Ra3+ {[%emt 0:00:16]} 44. Kf4 {[%emt 0:00:33]} Ra8 {[%emt 0:00:16]} 45. Rh2 {[%emt 0:00:42]} Rh8 {[%emt 0:00:01]} 46. Kf5 {[%emt 0:00:42]} Rh7 {[%emt 0:00:17]} 47. Rh3 {[%emt 0:00:15]} Rh8 {[%emt 0:00:20]} 48. e5 {[%emt 0:01:06]} Rh7 {[%emt 0:00:30]} 49. f4 {[%emt 0:01:05]} Rh8 {[%emt 0:00:08]} 50. g6 {[%emt 0:00:22]} fxg6+ {[%emt 0:00:52]} 51. Kg5 {[%emt 0:00:13]} 1-0

[Event "32nd Iranian Women-ch 2022"]
[Site "Kermanshah"]
[Date "2022.03.06"]
[Round "10.1"]
[White "Asgharzadeh, Mitra"]
[Black "Parvizi, Anita"]
[Result "1-0"]
[WhiteElo "1950"]
[BlackElo "1693"]
[Annotator "ChessBase"]
[PlyCount "59"]
[EventDate "2022.02.28"]
[EventType "tourn"]
[EventCountry "IRI"]
[SourceTitle "playchess.com"]
[Source "ChessBase"]
[SourceQuality "1"]
[TimeControl "5400+30"]

1. Nf3 {[%emt 0:00:02]} Nf6 {[%emt 0:00:10]} 2. g3 {[%emt 0:00:01]} g6 {[%emt 0:01:31]} 3. Bg2 {[%emt 0:00:01]} d5 {[%emt 0:00:21]} 4. O-O {[%emt 0:00:02]} Bg7 {[%emt 0:02:51]} 5. d3 {[%emt 0:00:01]} c5 {[%emt 0:02:02]} 6. Nbd2 {[%emt 0:00:01]} Nc6 {[%emt 0:02:19]} 7. e4 {[%emt 0:00:02]} O-O {[%emt 0:04:48]} 8. Re1 {[%emt 0:00:15]} e6 {[%emt 0:02:44]} 9. c3 {[%emt 0:00:21]} b6 {[%emt 0:05:25]} 10. h4 {[%emt 0:01:17]} Bb7 {[%emt 0:05:16]} 11. e5 {[%emt 0:02:02]} Nd7 {[%emt 0:01:22]} 12. d4 {[%emt 0:00:12]} Rc8 {[%emt 0:01:44]} 13. a3 {[%emt 0:00:31]} a5 {[%emt 0:12:05]} 14. Nf1 {[%emt 0:09:13]} b5 {[%emt 0:04:15]} 15. N1h2 {[%emt 0:01:55]} a4 {[%emt 0:03:30]} 16. Bg5 {[%emt 0:03:12]} Qb6 {[%emt 0:01:26]} 17. Ng4 {[%emt 0:11:40]} cxd4 {[%emt 0:06:59]} 18. cxd4 {[%emt 0:00:40]} Na5 {[%emt 0:00:46]} 19. Qd2 {[%emt 0:15:57]} Nb3 {[%emt 0:08:04]} 20. Qf4 {[%emt 0:01:01]} h5 {[%emt 0:09:21]} 21. Nf6+ {[%emt 0:05:55]} Nxf6 {[%emt 0:00:11]} 22. exf6 {[%emt 0:00:49]} Bh8 {[%emt 0:00:31]} 23. Rad1 {[%emt 0:02:44]} Rc4 {[%emt 0:04:18]} 24. Bh3 {[%emt 0:14:12]} Bc8 {[%emt 0:04:03]} 25. Re5 {[%emt 0:00:44]} Na5 {[%emt 0:01:36]} 26. Bf1 {[%emt 0:06:59]} Rc2 {[%emt 0:02:28]} 27. Bh6 {[%emt 0:02:37]} Re8 {[%emt 0:01:01]} 28. Bd3 {[%emt 0:00:43]} Rc7 {[%emt 0:00:36]} 29. Qg5 {[%emt 0:06:05]} Nc4 {[%emt 0:07:27]} 30. Bxg6 {[%emt 0:02:43]} 1-0